| 000 | 00740nam a22002537a 4500 | ||
|---|---|---|---|
| 001 | 000396 | ||
| 003 | DO-SdBNP | ||
| 005 | 20180118134053.0 | ||
| 007 | 000396 | ||
| 008 | 160718b 2000 nyu a ||||| |||| 00| 0 spa d | ||
| 020 | _a0439206472 | ||
| 040 |
_aBPMSU _bspa _cBPMSU |
||
| 092 |
_axxxxx _bxxxxx |
||
| 100 | 1 |
_aSnicket, Lemony, _d1970- |
|
| 245 | 1 | 0 |
_aThe bad beginning / _cby Lemony Snicket ; illustrations by Brett Helquist. |
| 260 |
_aNew York : _bScholastic, _c2000. |
||
| 300 |
_a162 p. : _bil. ; _c19 cm. |
||
| 490 | 1 |
_aUnfortunate Events _v1 |
|
| 700 | 1 | 2 |
_aHelquist, Brett, _eil. |
| 830 | 0 |
_pUnfortunate Events ; _v1 |
|
| 942 |
_2ddc _cBK |
||
| 945 | _aInventariado, 2018/LP | ||
| 956 |
_aLOPEREZ _b10 _c20160718 _d0041 |
||
| 999 |
_c10917 _d10917 |
||